La Declaración Sociolaboral del Mercosur- herramientA jurídica de Integración regional y su aplicación por los Tribunales locales (Record no. 4555)
[ view plain ]
| 000 -CABECERA | |
|---|---|
| campo de control de longitud fija | 00617nam a22001457a 4500 |
| 080 ## - NUMERO DE CLASIFICACION DECIMAL UNIVERSAL (CDU) | |
| Número de la Clasificación Decimal Universal | 341.17 L 116 |
| 100 ## - ASIENTO PRINCIPAL--NOMBRE PERSONAL | |
| Código del relacionador | Autor |
| Nombre personal | Iacaruso Gustavo Adrián |
| 245 ## - MENCION DE TITULO | |
| Título propiamente dicho | La Declaración Sociolaboral del Mercosur- herramientA jurídica de Integración regional y su aplicación por los Tribunales locales |
| 300 ## - DESCRIPCION FISICA | |
| Extensión | 23 P. |
| 500 ## - NOTA GENERAL | |
| Nota general | Director de tesis: |
| 502 ## - NOTA DE TESIS | |
| Nota de tesis | Tesis ( Especialización)--Universidad Nacional de Mar del Plata. Facultad de Derecho. Departamento de Posgrado, 2006. |
| 650 ## - ASIENTO SECUNDARIO DE MATERIA - TERMINO TEMATICO | |
| Fuente del encabezamiento o término | Tesauro de Biblioteconomía y Documentación |
| Término temático o nombre geográfico como elemento de entrada | declaracion sociolaboral del Mercosur |
| Subdivisión general | Mercosur |
| -- | integracion regional |
| 945 ## - INFORMACION DE PROCESAMIENTO LOCAL | |
| Responsable de carga/modificación | Celeste Delía |
| Fecha de ingreso o modificación | 2017-08-08 |
| Retirado | Perdido | Dañado | No se presta | Ubicación permanente | Locación actual | Estante o sala | Fecha de adquisición | Enumeración, cronología para publ. seriadas | Signatura topográfica | Inventario | Ultima fecha vista | Tipo de item de Koha |
|---|---|---|---|---|---|---|---|---|---|---|---|---|
| Bib. Derecho | Bib. Derecho | Biblioteca Graduados | 08/08/2017 | Diceimbre 2006 | 341.17 L 116 | 301698 | 08/08/2017 | Tesis de posgrado |
